Debates sobre la construcción del sujeto feminista

El presente artículo propone una cierta trayectoria la de la propia autora, que en un acto de enunciación señala "el feminismo obliga a un mirarse hacia dentro y también mirarse en las otras, es un acto individual, de vida, y es formar parte de una conciencia colectiva, es un hecho político, nos col...

Descripción completa

Detalles Bibliográficos
Autor principal: Maira, Gloria
Formato: Analitica de revista
Lenguaje:español
Publicado: Santiago, Chile: Universidad Academia de Humanismo Cristiano, 2004.
Materias:
Acceso en línea:Disponible en línea (PDF). Biblioteca Digital UAHC

MARC

LEADER 00000cab a2200000 a 4500
001 027238
003 UAHC_CL
005 20210909175935.0
008 141112s2004 cl 000 spa
952 |0 0  |1 0  |4 0  |6 CASTALIA_07_04_000000000000000  |7 0  |8 General  |9 54504  |a BC  |b BC  |c General  |d 2017-08-03  |l 0  |o CASTALIA-07/04  |p FICTICIO1551  |r 2019-01-08 00:00:00  |t 1  |w 2017-08-03  |y REVA 
999 |c 27238  |d 27238 
040 |a UAHC_CL  |c UAHC_CL  |d UAHC_CL 
100 |a Maira, Gloria  |9 12059 
245 1 0 |a Debates sobre la construcción del sujeto feminista   |c Gloria Maira. 
260 |a Santiago, Chile:  |b Universidad Academia de Humanismo Cristiano,  |c 2004. 
300 |a pp. 33-36 
500 |a En: Castalia, revista de psicología de la Academia, no. 7, 2004. pp. 33-36. ISSN 07174985.  
520 |a El presente artículo propone una cierta trayectoria la de la propia autora, que en un acto de enunciación señala "el feminismo obliga a un mirarse hacia dentro y también mirarse en las otras, es un acto individual, de vida, y es formar parte de una conciencia colectiva, es un hecho político, nos coloca ante la construcción de un sujeto político". La autora advierte en este contexto, la necesaria pertenencia por la pregunta acerca de la identidad fija que supone un cierto esencialismo, para proponer una lectura del feminismo posmodernista que pone en el centro de su discusión la denominada construcción del sujeto político feminista. 
650 0 |a Feminismo  |9 910 
650 0 |a Identidad cultural  |9 1868 
650 0 |a Sujeto de derecho  |9 6967 
856 |3 Disponible en línea (PDF). Biblioteca Digital UAHC  |u http://bibliotecadigital.academia.cl/xmlui/handle/123456789/2437 
900 |a CASTALIA-07/04 
942 |c REVA